Notas para un curso de didáctica del lenguaje.

Zapisane w:
Opis bibliograficzny
1. autor: Vizcaíno Pérez, José (autor)
Format: Książka
Język:hiszpański
Hasła przedmiotowe:
Etykiety: Dodaj etykietę
Nie ma etykietki, Dołącz pierwszą etykiete!

MARC

LEADER 00000cam^a2200000uu^4500
001 000457826
005 20250521000000.0
008 050901s1978^^^^^^^^^^^^rd^r^^000^0^spa^d
009 20260310124054.758
022 |a 968605426X 
035 |a FCE 000000269 
035 |a FCE 000270 
037 |a Acervo ITESO - Biblioteca 
041 |a spa 
082 0 4 |a 371.30  |b VIZn 
100 |a Vizcaíno Pérez, José  |e (autor) 
245 1 0 |a Notas para un curso de didáctica del lenguaje. 
264 |a México :  |b Patria,  |c 1978. 
300 |a 35 p. 
336 |a texto  |b txt  |2 rdacontenido 
337 |a sin mediación  |b n  |2 rdamedio 
338 |a volumen  |b nc  |2 rdasoporte 
649 |a XX 
650 |a Didáctica 
650 |a Técnica de enseñanza 
650 |a Lenguaje 
650 |a Enseñanza del lenguaje 
910 |a Fondo Centro de Estudios Educativos 
920 |a Impresos - Libros 
930 |a Fondos Especiales 
905 |a 133 
901 |a ALE000270  |b IT2  |c CEE  |u 20250521 
902 |a https://opac.biblio.iteso.mx/vufind/Record/000457826